000 00870nac a22002657a 4500
001 BR4400044
003 BR-BrBNA
005 20240105112833.0
008 230509b bl.|||m| |||| 00| 0 por d
040 _aBR-BrBNA
_bpor
_cBiblioteca Nacional de Agricultura
072 _aF70
090 _a1885 BR4400044
100 1 _aSilveira, V.D.
110 1 _aServico de Informacao Agricola, Rio de Janeiro, GB (Brasil)
245 1 _aO genero calvatia no Brasil [Cogumelo comestivel; Taxonomia vegetal]
260 3 _aRio de Janeiro, GB (Brasil):
_c1944.
300 _a101 p.
490 _aSIA (Brazil)
_vno. 619
_x
500 _aReprint of "Rodriguesia, ano 7. no. 16, 1943"; 13 illus.; 29 ref.
650 _aTaxonomia vegetal
650 _aCogumelo comestivel
650 _aFlora micotica
909 _a202312
_bLúcia Elande
_c55
_dLúcia Elande
942 _2AGRIS
_n0
_cMS
999 _c260531
_d260531